Responses for Show #7839 - Thursday, October 11, 2018

Contestants

[<< previous game]

Kristina Johnson, a freelance writer and stay-at-home mom from Flushing, New York

Patrick Wyman, a history podcaster and writer from Los Angeles, California

Alex Schmidt, a writer and comedian from Pasadena, California (whose 3-day cash winnings total $64,879)

[next game >>]

Jeopardy! Round responses

CARTOON FEMALES
STOCK SYMBOLS
A RIVER RUNS THROUGH IT: WORLD CAPITAL EDITION
I NEED A HOBBY!
METEOROLOGICAL RHYME TIME
EDISON LABS
(Jimmy: The national historical park in New Jersey that produced 40 years of inventive genius.)
    $200 5
a saxophone

Alex
    $200 16
Target

Kristina
    $200 1
Paris

Kristina
    $200 11
a Rubik's cube

Patrick
    $200 21
(Patrick: What is a lizard blizzard--or a [*]?)
(Alex Trebek: That's it.)

blizzard lizard

Patrick
    $200 22
a phonograph

Patrick
    $400 6
Velma (or Daphne)

Alex
    $400 17
Best Buy

Kristina
    $400 2
Rome

Alex
    $400 12
a kayak

Alex
    $400 24
a frost cost

Patrick
    $400 23
perspiration

Kristina
    $600 7
the Jetsons

Patrick
    $600 18
Chevron

Triple Stumper
    $600 3
(Alex Schmidt: What is Beijing?)

Seoul

Alex
Triple Stumper
    $600 13
stones

Patrick
    $600 26
a monsoon spoon

Patrick
    $600 25
Annie Oakley

Kristina
    $800 8
the Powerpuff Girls

Alex
    $800 19
Rite Aid

Triple Stumper
    $800 4
Dublin

Kristina
    $800 14
canals

Patrick
    $800 29
a smog log

Alex
    $800 27
tattooing

Patrick
    $1000 9
Aeon Flux

Alex
    $1000 20
Berkshire Hathaway

Patrick
    $1000 10
Lisbon

Patrick
    $1,600 15
(Patrick: What is tying?)

macramé

Patrick
    $1000 30
a dust gust

Alex
    $1000 28
(Nikola) Tesla

Kristina

Scores at the first commercial break (after clue 15):

Alex Patrick Kristina
$2,600 $1,600 $1,000

Scores at the end of the Jeopardy! Round:

Alex Patrick Kristina
$4,400 $4,800 $3,600

Double Jeopardy! Round responses

DRIVING ALEXIS
UNUSUAL CHARACTERS
THE 18th CENTURY
ISLE OF DOGS
"AE"
EXOPHONES
    $400 22
blood vessels

Alex
    $400 1
heads

Alex
    $400 25
(Alex Schmidt: What is Wilmington?)

Philadelphia

AlexPatrick
    $400 6
reggae

Alex
    $400 24
(Alex Trebek: With less than a minute now.)

Conrad

Alex
    $800 21
San Francisco

Alex
    $800 2
a candle

Alex
    $800 18
Wealth of Nations

Kristina
    $800 7
an aerialist

Kristina
    $800 23
Voltaire

Triple Stumper
    $1200 14
Alexis Bledel

Patrick
    $1200 3
Little Shop of Horrors

Kristina
    $1200 17
the Cumberland Gap

Patrick
    $1200 28
[The end-of-round signal sounds.]

the Landseer Newfoundland

Triple Stumper
    $1200 8
a maestro

Alex
    $1200 11
German

Triple Stumper
    $1600 20
hemophilia

Patrick
    $1600 4
the Log Lady

Alex
    $4,400 15
the XYZ Affair

Patrick
    $1600 27
(Alex Schmidt: What are the Balearic Islands?)

the Canary Islands

AlexKristina
    $1600 9
(Patrick: What is an eddy?)

a maelstrom

Patrick
Triple Stumper
    $1,500 12
(Samuel) Beckett

Alex
    $2000 19
(Alexis) de Tocqueville

Alex
    $2000 5
Maxwell

Alex
    $2000 16
Frederick the Great

Alex
    $2000 26
Skye (terrier)

Patrick
    $2000 10
a paean

Alex
    $2000 13
The Prophet

Alex

Scores at the end of the Double Jeopardy! Round:

Alex Patrick Kristina
$19,900 $14,000 $8,000

[wagering suggestions for these scores]

Final Jeopardy! Round responses

BROADWAY MUSICALS
(Alex Trebek: If I had told you three that that little river in the picture is the River Doon in Scotland, it might have helped you considerably, I'm sure.)
KristinaWhat is Bridge Over Troubled Wa
$6,001
PatrickWhat is a Roman arch?
$2,200
AlexWhat is Brigadoon?
$8,101
Brigadoon

Final scores:

Alex Patrick Kristina
$28,001 $11,800 $1,999
4-day champion: $92,880 2nd place: $2,000 3rd place: $1,000

Game dynamics:

Coryat scores:

Alex Patrick Kristina
$20,000 $12,800 $8,000
22 R
(including 1 DD),
3 W
17 R
(including 1 DD),
2 W
(including 1 DD)
11 R,
0 W

Combined Coryat: $40,800

[game clues] [game scores] [suggest correction]

Game tape date: 2018-08-14
The J! Archive is created by fans, for fans. Scraping, republication, monetization, and malicious use prohibited; this site may use cookies and collect identifying information. See terms. The Jeopardy! game show and all elements thereof, including but not limited to copyright and trademark thereto, are the property of Jeopardy Productions, Inc. and are protected under law. This website is not affiliated with, sponsored by, or operated by Jeopardy Productions, Inc. Join the discussion at JBoard.tv.